Định hướng phát triển lãng xã đồng bằng sông Hồng ngày nay

保存先:
書誌詳細
第一著者: Tô, Duy Hợp
フォーマット: 図書
言語:Undetermined
出版事項: Hà Nội Khoa học Xã hội 2003
主題:
タグ: タグ追加
タグなし, このレコードへの初めてのタグを付けませんか!
Thư viện lưu trữ: Trung tâm Học liệu Trường Đại học Cần Thơ
LEADER 00639nam a2200205Ia 4500
001 CTU_60336
008 210402s9999 xx 000 0 und d
020 |b 20000 
082 |a 338.9009597 
082 |b H466 
100 |a Tô, Duy Hợp 
245 0 |a Định hướng phát triển lãng xã đồng bằng sông Hồng ngày nay 
245 0 |c Tô Duy Hợp 
260 |a Hà Nội 
260 |b Khoa học Xã hội 
260 |c 2003 
650 |a South vietnam 
650 |x Developing countries,Agricultural aspects 
904 |i Minh, Năm 
980 |a Trung tâm Học liệu Trường Đại học Cần Thơ